000 01837nam0a2200337 4500
001 RU\NLR\BIBL_A\022647851
005 20251123120729.0
010 _a978-5-4442-0209-8
_9300
035 _a(NLR Aleph) 022647851
090 _a13466149
_c13466149
100 _a20251020d2025 u y0rusy50 ca
101 0 _arus
102 _aRU
105 _aa j 000yy
181 0 _ai
_baxxe
182 0 _an
200 1 _aРадиационный контроль
_eучебное пособие
_eдля студентов высших учебных заведений, обучающихся по направлению подготовки: "Конструкторско-технологическое обеспечение машиностроительных производств", "Автоматизация технологических процессов и производств"
_fБ. В. Артемьев, А. А. Буклей
_gРоссийское общество по неразрушающему контролю и технической диагностике (РОНКТД)
203 _aТекст
_bвизуальный
_cнепосредственный
205 _a3-е изд.
210 _aМосква
_cСпектр
_d2025
215 _a191 с.
_cил.
_d24
225 1 _aДиагностика безопасности
320 _aБиблиогр.: с. 190-191 (56 назв.) и в тексте
606 1 _aРадиационная дефектоскопия
_jУчебные издания
_91167032
_3RU\NLR\AUTH\66150051
686 1 _aЖ3-1с38я7-1
700 1 _aАртемьев
_bБ. В.
_gБорис Викторович
701 1 _aБуклей
_bА. А.
_gАлександр Александрович
942 _cBOOK
980 _aNB